Tình huống và bài tập thực hành quản trị nguồn nhân lực

Giới thiệu 20 tình huống và 20 bài tập điển hình giúp học viên và bạn đọc hiểu biết cách áp dụng các vấn đề lý luận vào trong thực tiễn quản trị nguồn nhân lực của các doanh nghiệp

Сохранить в:
Библиографические подробности
Главный автор: Trần Kim Dung
Формат:
Язык:Undetermined
Опубликовано: Tp. HCM Nxb. Tp. HCM 2000
Предметы:
Метки: Добавить метку
Нет меток, Требуется 1-ая метка записи!
Thư viện lưu trữ: Trung tâm Học liệu Trường Đại học Cần Thơ
LEADER 00865nam a2200205Ia 4500
001 CTU_39763
008 210402s9999 xx 000 0 und d
020 |c 10000 
082 |a 658.3 
082 |b D513 
100 |a Trần Kim Dung 
245 0 |a Tình huống và bài tập thực hành quản trị nguồn nhân lực 
245 0 |c Trần Kim Dung 
260 |a Tp. HCM 
260 |b Nxb. Tp. HCM 
260 |c 2000 
520 |a Giới thiệu 20 tình huống và 20 bài tập điển hình giúp học viên và bạn đọc hiểu biết cách áp dụng các vấn đề lý luận vào trong thực tiễn quản trị nguồn nhân lực của các doanh nghiệp 
650 |a personnel management 
904 |i Minh, 001204 
980 |a Trung tâm Học liệu Trường Đại học Cần Thơ